Social foundations of education/ (Record no. 12987)

000 -LEADER
fixed length control field 00326nam a2200121Ia 4500
008 - FIXED-LENGTH DATA ELEMENTS--GENERAL INFORMATION
fixed length control field 190923s9999||||xx |||||||||||||| ||und||
245 #0 - TITLE STATEMENT
Title Social foundations of education/
260 ## - PUBLICATION, DISTRIBUTION, ETC. (IMPRINT)
Place of publication New York:
Name of publisher Holt, Rinehart & Winston,
Year of publication 1956
300 ## - PHYSICAL DESCRIPTION
Number of Pages 638p.
650 ## - SUBJECT ADDED ENTRY--TOPICAL TERM
Topical Term Education Sociology Of
942 ## - ADDED ENTRY ELEMENTS (KOHA)
Koha item type Books
Holdings
Lost status Damaged status Not for loan Collection code Permanent Location Current Location Shelving location Cost, normal purchase price Full call number Accession Number Koha item type
        RIE AJMER LIBRARY RIE AJMER LIBRARY General Stacks 37.84 370.1 SSTA-S 16039 Books

Powered by Koha